000 01123am a2200361a 44500
003 AR-BaBNM
005 20251128210108.0
008 021020s1997 #AR|||||||||||000 | spa||
020 _a950-808-000-0
040 _cAR-BaBNM
100 1 _aAvendaño, Fernando Carlos
245 1 0 _aDidáctica de la lengua para cuarto y quinto grado
_buna nueva propuesta para la enseñanza de la lengua en los grados medios
250 _a10ª ed.
260 _aRosario
_bHomo Sapiens Ediciones
_c1997
300 _a158 p.
_bil.
490 0 _aEducación
500 _aContiene referencias bibliográficas
500 _aEl presente libro fue declarado de interés municipal
650 4 _aPROCESO DE LECTURA
650 4 _aPAPEL DEL LENGUAJE
650 4 _aMEJORA DE LA ESCRITURA
650 4 _aPSICOLINGÜISTICA
650 4 _aSOCIOLINGÜISTICA
650 4 _aCOMUNICACION
650 4 _aMETODOS DE ENSEÑANZA
653 _aCONSTRUCTIVISMO
653 _aENSENANZA DE LA LENGUA
653 _aEDUCACION GENERAL BASICA
653 _aSEGUNDO CICLO DE LA EGB
653 _aLECTOESCRITURA
942 _cBK
998 _cRaquel
999 _c14022
_d14022